00610nam a2200133 a 450000100100000000500170001000800410002704000250006808200150009311000840010824501750019226000760036730000330044300003662920200930075834.0120123s1948 dr d 000 0 spa d aDO-SdBNPbspacBNPHU axxxbR426m1 aRepública DominicanabSecretería de Estado del Tesoro y Crédito Público10aMemoria que al honorable señor presidente de la República presenta el Lic. Víctor Garrido, Secretario de Estado del Tesoro Público, correspondiente al año 1947. aCiudad Trujillo, República Dominicana :bImpresora Dominicana,c1948. a1104 p. :bdiagrs. ;c23 cm.